Airlines that flies to Tokyo-Haneda/Narita - Statistics

General Stats
  • This quiz has been taken 169 times
  • The average score is 58 of 96
Answer Stats
Hint Answer % Correct
Japan Japan Airlines
98%
Russia Aeroflot
94%
USA American Airlines
94%
China Air China
93%
South Korea Korean Air
93%
France Air France
90%
USA United Airlines
90%
Canada Air Canada
89%
Japan All Nippon Airways
89%
UAE Emirates
89%
USA Delta Airlines
86%
Australia Qantas
86%
Singapore Singapore Airlines
86%
Thailand Thai Airways
85%
UK British Airways
84%
Qatar Qatar Airways
84%
Taiwan EVA Air
83%
Hong Kong Cathay Pacific
82%
UAE Etihad
82%
Turkey Turkish Airlines
82%
Germany Lufthansa
81%
Malaysia Malaysia Airlines
81%
New Zealand Air New Zealand
80%
Finland Finnair
80%
Netherlands KLM
80%
Mexico Aeromexico
79%
India Air India
78%
Taiwan China Airlines
78%
Italy Alitalia
77%
China China Southern Airlines
76%
China China Eastern Airlines
75%
Indonesia Garuda Indonesia
75%
Vietnam Vietnam Airlines
75%
South Korea Asiana Airlines
73%
Philippines Philippine Airlines
73%
Austria Austrian Airlines
72%
Egypt Egypt Air
72%
Ethiopia Ethiopian Airlines
72%
Spain Iberia
72%
Fiji Fiji Airways
70%
Hong Kong Hong Kong Airlines
67%
Malaysia Air Asia X
64%
China Hainan Airlines
63%
South Korea Jeju Air
63%
Australia Virgin Australia
63%
Sweden Scandinavian Airlines
62%
Singapore Scoot
62%
Macau Air Macau
61%
USA Hawaiian Airlines
61%
Russia S7
61%
Poland LOT Polish Airlines
60%
Pakistan Pakistan International Airlines
60%
Japan Peach
60%
Switzerland Swiss International Air Lines
60%
Vietnam Vietjet
59%
Philippines Cebu Pacific
58%
Tahiti Air Tahiti Nui
57%
China Xiamen Air
57%
Nepal Nepal Airlines
54%
South Korea Air Busan
52%
Japan Air Do
51%
China Shanghai Airlines
51%
New Caledonia Air Calin
46%
South Korea Air Seoul
46%
Japan Jetstar Japan
45%
Japan Skymark
43%
China Tianjin Airlines
43%
Mongolia MIAT Mongolian Airlines
41%
Hong Kong Hong Kong Express
40%
Israel El Al Israel
39%
South Korea Jin Air
39%
Thailand Thai Air Asia
39%
South Korea T'way
39%
Australia Jetstar Airways
38%
Sri Lanka Sri Lanka Airlines
37%
China Spring Airlines
36%
Japan Starflyer
36%
China Juneyao Airlines
35%
Singapore Jetstar Asia
34%
China Shandong Airlines
34%
Thailand Thai Lion Air
34%
Thailand NokScoot
33%
Kazakhstan SCAT Airlines
33%
Japan Zipair Tokyo
33%
Russia Aurora
31%
South Korea Eastar Jet
31%
Japan Spring Airlines Japan
31%
Cambodia Sky Angkor Airlines
30%
Japan Ibex
29%
Thailand Jet Asia Airways
27%
China Okay Airlines
27%
Russia Pegas Fly
27%
Thailand Druk Air
26%
Brunei Royal Bruinei Airlines
24%
China Shenzen Airlines
24%
China Sichuan Aifrlines
23%
No matching quizzes found
Score Distribution
Percent of People with Each Score
Percentile by Number Answered
Your Score History
You have not taken this quiz